000 01210nam0a22003011 4500
001 rc\4234983
005 20260406142552.0
021 _aRU
_b[60-21035]
035 _a(NLR Aleph) 008228263
090 _a8199839
_c8199839
100 _a20130416d1960 |||y0rusy50 ca
101 0 _arus
102 _aRU
105 _aa z |||||
200 1 _aЛенин в Кремле
210 _aМосква
_cГосполитиздат
_d1960
215 _a119 с., 17 л. ил.
_d20
300 _aПеред загл. авт.: А. Андреев, Б. Панков, Е. Смирнова
700 1 _aАндреев
_bА. М.
_cд-р ист. наук
_f1913-1983
_gАнатолий Михайлович
_9228102
_3RU\NLR\AUTH\770228158
701 1 _aПанков
_bБ.В.
_gБорис Викторович
701 1 _aСмирнова
_bЕ. И.
_cмузеевед, искусствовед
_f1921-2010
_gЕвгения Ивановна
_9228041
_3RU\NLR\AUTH\770228097
702 1 _4570
_8rus
_7ca
_aЛенин
_bВ. И.
_f1870-1924
_gВладимир Ильич
_3RU\NLR\AUTH\773584
_9113579
801 0 _aRU
_bNLR
_gpsbo
801 1 _aRU
_bELAR
_2rusmarc
852 _aNLR
_j60-3/1359
942 _cBOOK
980 _aNB